Kraje najbliższe Kambodży - Minutowy sprint - Statystyki

Ogólne statystyki
  • Ten quiz został rozwiązany 102 razy
  • Średni wynik to 13 z 20
Statystyki odpowiedzi
km kraj % Poprawnych
773 Chiny
99%
0 Laos
95%
0 Wietnam
94%
1090 Indie
93%
0 Tajlandia
88%
324 Mjanma
84%
768 Indonezja
81%
405 Malezja
77%
1330 Bangladesz
74%
1943 Japonia
64%
1805 Bhutan
63%
2060 Nepal
59%
998 Singapur
57%
1141 Filipiny
53%
1606 Tajwan
51%
2789 Korea Poludniowa
49%
2337 Sri Lanka
49%
1111 Brunei
38%
2988 Timor-Leste
35%
3001 Palau
4%
Nie znaleziono quizów pasujących do podanych kryteriów
Rozkład punktacji
Procent ludzi z każdym wynikiem
Percentyl według liczby udzielonych odpowiedzi
Twoja historia wyników
Nie rozwiązałeś tego quizu